[Event "Montcalm V 2008-09"]
[Site "Quebec CAN"]
[Date "2009.02.19"]
[Round "1"]
[White "Dube, Daniel"]
[Black "Rainfray, Arnaud"]
[Result "0-1"]
[WhiteElo "1767"]
[BlackElo "2387"]
[PlyCount "52"]
[GameId "2160767910260634"]
[EventDate "2009.02.19"]
[EventType "swiss"]
[EventRounds "5"]
[EventCountry "CAN"]
[SourceTitle "EXT 2011"]
[Source "ChessBase"]
[SourceDate "2011.11.26"]
[SourceVersion "1"]
[SourceVersionDate "2011.11.26"]
[SourceQuality "1"]

1. d4 d5 2. Nf3 Nf6 3. Bf4 c5 4. c3 Nc6 5. e3 Qb6 6. Qc1 Bg4 7. Nbd2 Rc8 8. dxc5 Qxc5 9. Nb3 Qb6 10. Ne5 Nxe5 11. Bxe5 Nd7 12. Bd4 Qg6 13. Bb5 a6 14. Bxd7+ Bxd7 15. Qd2 Qxg2 16. O-O-O Bf5 17. Rdg1 Qe4 18. Kd1 e5 19. Bb6 Rc6 20. Ba7 Bg4+ 21. Rxg4 Qxh1+ 22. Kc2 Rg6 23. Qe2 Qxh2 24. Bb6 Qh5 25. f3 Rxg4 26. fxg4 Qg6+ 0-1

[Event "Montcalm V 2008-09"]
[Site "Quebec CAN"]
[Date "2009.02.19"]
[Round "1"]
[White "Sauve, Richard"]
[Black "Bourassa, Andre"]
[Result "1/2-1/2"]
[WhiteElo "1964"]
[BlackElo "1762"]
[PlyCount "118"]
[GameId "2160767910260635"]
[EventDate "2009.02.19"]
[EventType "swiss"]
[EventRounds "5"]
[EventCountry "CAN"]
[SourceTitle "EXT 2011"]
[Source "ChessBase"]
[SourceDate "2011.11.26"]
[SourceVersion "1"]
[SourceVersionDate "2011.11.26"]
[SourceQuality "1"]

1. d4 d5 2. c4 e6 3. Nc3 Nf6 4. cxd5 exd5 5. Bg5 Be7 6. e3 c6 7. Bd3 O-O 8. Nge2 Ne4 9. Bxe7 Qxe7 10. Bxe4 dxe4 11. Ng3 f5 12. O-O Be6 13. f3 Qg5 14. Qd2 exf3 15. Rxf3 Nd7 16. Nge2 Nb6 17. Nf4 Bf7 18. b3 Rad8 19. Raf1 Qe7 20. Nd3 Be6 21. Qf2 Nd5 22. Nxd5 Bxd5 23. Rg3 Be4 24. Nc5 b6 25. Nxe4 fxe4 26. Qe2 Rxf1+ 27. Qxf1 Rf8 28. Qc4+ Qf7 29. Rg4 Qxc4 30. bxc4 Re8 31. Kf2 g6 32. Ke2 Kg7 33. h4 h6 34. a4 a6 35. Kd2 c5 36. d5 Kf6 37. Rf4+ Ke5 38. Rg4 Kf5 39. Rf4+ Ke5 40. Kc3 b5 41. axb5 axb5 42. cxb5 Kxd5 43. Rf6 Ra8 44. b6 g5 45. Rxh6 gxh4 46. Rxh4 Kc6 47. Rxe4 Kxb6 48. g4 Kc6 49. g5 Kd5 50. Rg4 Ra3+ 51. Kd2 Ra2+ 52. Kd1 Ke5 53. g6 Ra8 54. g7 Rg8 55. Kd2 Kf6 56. Kc3 Rxg7 57. Rxg7 Kxg7 58. Kc4 Kf6 59. Kxc5 Ke5 1/2-1/2

[Event "Montcalm V 2008-09"]
[Site "Quebec CAN"]
[Date "2009.02.26"]
[Round "2"]
[White "Bourassa, Andre"]
[Black "St-Laurent, Pierre"]
[Result "1-0"]
[WhiteElo "1762"]
[BlackElo "1305"]
[PlyCount "27"]
[GameId "2160767910260636"]
[EventDate "2009.02.19"]
[EventType "swiss"]
[EventRounds "5"]
[EventCountry "CAN"]

1. d4 d5 2. c4 e6 3. Nc3 Nf6 4. Bg5 Be7 5. e3 O-O 6. Nf3 Nfd7 7. Bxe7 Qxe7 8. cxd5 e5 9. Bd3 c5 10. dxc6 Nxc6 11. Nd5 Qd6 12. dxe5 Ndxe5 13. Be2 Be6 14. Nf6+ 1-0

[Event "Montcalm V 2008-09"]
[Site "Quebec CAN"]
[Date "2009.02.26"]
[Round "2"]
[White "Lamontagne, Danny"]
[Black "Lessard, Claude"]
[Result "0-1"]
[WhiteElo "1672"]
[BlackElo "2005"]
[PlyCount "94"]
[GameId "2160767910260637"]
[EventDate "2009.02.19"]
[EventType "swiss"]
[EventRounds "5"]
[EventCountry "CAN"]
[SourceTitle "EXT 2011"]
[Source "ChessBase"]
[SourceDate "2011.11.26"]
[SourceVersion "1"]
[SourceVersionDate "2011.11.26"]
[SourceQuality "1"]

1. e4 c5 2. c3 d5 3. exd5 Qxd5 4. d4 Nf6 5. Nf3 e6 6. Be2 Be7 7. O-O O-O 8. Bg5 Nc6 9. dxc5 Qxc5 10. Qc1 e5 11. Nbd2 Bf5 12. Nh4 Be6 13. Bxf6 Bxf6 14. Ne4 Qe7 15. Nxf6+ Qxf6 16. Nf3 Qe7 17. Bb5 f6 18. Re1 Rac8 19. Qe3 a6 20. Bd3 Rfd8 21. a3 Na5 22. Qe4 g6 23. Rad1 Nb3 24. Qh4 Rc7 25. Bc2 Rcd7 26. Rxd7 Rxd7 27. Rd1 Rxd1+ 28. Bxd1 Na5 29. Qb4 Qd7 30. Bc2 Nc6 31. Qc5 Kg7 32. h3 Ne7 33. Ba4 b5 34. Bc2 Bd5 35. a4 Bxf3 36. gxf3 Nd5 37. axb5 axb5 38. Bd3 Nf4 39. Bxb5 Qxh3 40. Qe7+ Kh6 41. Bf1 Qxf3 42. c4 Qg4+ 43. Kh2 Qd1 44. Qxf6 Qxf1 45. Qh4+ Nh5 46. c5 g5 47. Qg4 Qxf2+ 0-1

[Event "Montcalm V 2008-09"]
[Site "Quebec CAN"]
[Date "2009.02.26"]
[Round "2"]
[White "Perron, Jonathan"]
[Black "Caron, Sebastien"]
[Result "1/2-1/2"]
[WhiteElo "1951"]
[BlackElo "1908"]
[PlyCount "62"]
[GameId "2160767910260638"]
[EventDate "2009.02.19"]
[EventType "swiss"]
[EventRounds "5"]
[EventCountry "CAN"]
[SourceTitle "EXT 2011"]
[Source "ChessBase"]
[SourceDate "2011.11.26"]
[SourceVersion "1"]
[SourceVersionDate "2011.11.26"]
[SourceQuality "1"]

1. e4 c5 2. Nf3 d6 3. Bb5+ Bd7 4. Bxd7+ Qxd7 5. c4 Nc6 6. O-O e5 7. Nc3 Nf6 8. d3 g6 9. Ng5 h6 10. Nh3 g5 11. Nd5 Nxd5 12. cxd5 Ne7 13. Qh5 Ng6 14. f3 Bg7 15. g3 O-O-O 16. Nf2 Rdf8 17. Be3 Kb8 18. a3 Rc8 19. Rfc1 Rhf8 20. Rc4 Rc7 21. Rac1 Ne7 22. b4 b6 23. g4 Ng6 24. Qh3 Nh4 25. a4 Rfc8 26. b5 Rb7 27. Nd1 Ng6 28. Nc3 Rh8 29. Qf1 h5 30. h3 Nf4 31. a5 hxg4 1/2-1/2

[Event "Montcalm V 2008-09"]
[Site "Quebec CAN"]
[Date "2009.02.26"]
[Round "2"]
[White "Rainfray, Arnaud"]
[Black "Cournoyer, Dominic"]
[Result "1/2-1/2"]
[WhiteElo "2387"]
[BlackElo "1919"]
[PlyCount "129"]
[GameId "2160767910260639"]
[EventDate "2009.02.19"]
[EventType "swiss"]
[EventRounds "5"]
[EventCountry "CAN"]
[SourceTitle "EXT 2011"]
[Source "ChessBase"]
[SourceDate "2011.11.26"]
[SourceVersion "1"]
[SourceVersionDate "2011.11.26"]
[SourceQuality "1"]

1. Nc3 d5 2. d4 g6 3. e4 dxe4 4. Nxe4 Bg7 5. Nf3 Nh6 6. c3 O-O 7. Bd3 Nd7 8. O-O Nb6 9. Re1 c6 10. a4 Nd5 11. a5 Nf5 12. Qb3 Nd6 13. Bg5 Nxe4 14. Bxe4 Nf6 15. a6 Qb6 16. Qxb6 axb6 17. Bxf6 Bxf6 18. a7 Be6 19. Red1 Rfd8 20. Nd2 Bd5 21. f4 Bg7 22. Kf2 Bxe4 23. Nxe4 Rd5 24. b4 f5 25. Ng5 Rd6 26. Re1 Bf6 27. Ne6 Rd7 28. Ra3 Kf7 29. Kf3 h6 30. g3 b5 31. Nc5 Rc7 32. Nd3 b6 33. Rea1 e6 34. Ra6 Rb7 35. Ke3 Ke7 36. Ne1 Kd7 37. Nf3 Ke7 38. Kd3 Kd7 39. R1a2 Ke7 40. c4 bxc4+ 41. Kxc4 Kd6 42. Ne5 b5+ 43. Kd3 Bxe5 44. dxe5+ Kc7 45. Kd4 Rd8+ 46. Kc3 Ra8 47. h4 Rb6 48. R6a5 Rb7 49. Kb3 Kc8 50. Ra6 Rc7 51. Rd2 Kb7 52. Ra1 Rxa7 53. Rxa7+ Kxa7 54. Rd6 Re7 55. Rxc6 Kb7 56. Rc5 Kb6 57. Rc8 Rd7 58. Re8 Rd3+ 59. Kc2 Rxg3 60. Rxe6+ Kc7 61. h5 g5 62. Rxh6 gxf4 63. Rf6 Rg5 64. h6 Rh5 65. Kd3 1/2-1/2

[Event "Montcalm V 2008-09"]
[Site "Quebec CAN"]
[Date "2009.03.05"]
[Round "3"]
[White "Auger, Bertrand"]
[Black "Rainfray, Arnaud"]
[Result "0-1"]
[WhiteElo "1943"]
[BlackElo "2387"]
[PlyCount "52"]
[GameId "2160767910260640"]
[EventDate "2009.02.19"]
[EventType "swiss"]
[EventRounds "5"]
[EventCountry "CAN"]
[SourceTitle "EXT 2011"]
[Source "ChessBase"]
[SourceDate "2011.11.26"]
[SourceVersion "1"]
[SourceVersionDate "2011.11.26"]
[SourceQuality "1"]

1. Nf3 d5 2. c4 e6 3. g3 Nf6 4. Bg2 d4 5. O-O c5 6. a3 Nc6 7. d3 Be7 8. e3 a5 9. exd4 cxd4 10. b3 Nd7 11. Re1 e5 12. Ra2 O-O 13. Rae2 f6 14. Nbd2 Nc5 15. Ne4 Nxe4 16. Rxe4 Bf5 17. Nh4 Bxe4 18. Bxe4 Qe8 19. Qg4 Bc5 20. Nf5 g6 21. Bd5+ Kh8 22. Bh6 Rg8 23. Bxg8 Kxg8 24. Ng7 Qf7 25. f4 Bf8 26. Nf5 Kh8 0-1

[Event "Montcalm V 2008-09"]
[Site "Quebec CAN"]
[Date "2009.03.05"]
[Round "3"]
[White "Caron, Sebastien"]
[Black "Sauve, Richard"]
[Result "1-0"]
[WhiteElo "1908"]
[BlackElo "1964"]
[PlyCount "59"]
[GameId "2160767910260641"]
[EventDate "2009.02.19"]
[EventType "swiss"]
[EventRounds "5"]
[EventCountry "CAN"]
[SourceTitle "EXT 2011"]
[Source "ChessBase"]
[SourceDate "2011.11.26"]
[SourceVersion "1"]
[SourceVersionDate "2011.11.26"]
[SourceQuality "1"]

1. e4 e6 2. d4 d5 3. Nc3 dxe4 4. Nxe4 Nd7 5. Bd3 Ngf6 6. Bg5 Be7 7. Nxf6+ Nxf6 8. Nf3 h6 9. Bh4 O-O 10. Qd2 c5 11. dxc5 Bxc5 12. O-O-O Be7 13. Kb1 Qb6 14. g4 Nd5 15. Bxe7 Nxe7 16. Ne5 Nc6 17. Nc4 Qd8 18. h4 e5 19. g5 h5 20. Be2 Qxd2 21. Rxd2 g6 22. Bf3 Re8 23. Re1 Be6 24. Bxc6 bxc6 25. Nxe5 c5 26. f4 Rab8 27. c3 a5 28. a3 Kg7 29. Kc1 f6 30. Nc6 1-0

[Event "Montcalm V 2008-09"]
[Site "Quebec CAN"]
[Date "2009.03.05"]
[Round "3"]
[White "Cournoyer, Dominic"]
[Black "Perron, Jonathan"]
[Result "1-0"]
[WhiteElo "1919"]
[BlackElo "1951"]
[PlyCount "105"]
[GameId "2160767910260642"]
[EventDate "2009.02.19"]
[EventType "swiss"]
[EventRounds "5"]
[EventCountry "CAN"]
[SourceTitle "EXT 2011"]
[Source "ChessBase"]
[SourceDate "2011.11.26"]
[SourceVersion "1"]
[SourceVersionDate "2011.11.26"]
[SourceQuality "1"]

1. c4 e5 2. Nc3 Nf6 3. Nf3 Nc6 4. g3 d5 5. cxd5 Nxd5 6. Bg2 Be6 7. O-O f6 8. d4 Nxc3 9. bxc3 e4 10. Nd2 e3 11. fxe3 Qd7 12. Rb1 Bh3 13. Bxh3 Qxh3 14. Rxb7 O-O-O 15. Rb1 h5 16. Qa4 Qe6 17. Qa6+ Kd7 18. e4 Qh3 19. d5 Ne5 20. Nf3 Bc5+ 21. e3 Nxf3+ 22. Rxf3 Bd6 23. Ba3 Qg4 24. Bxd6 cxd6 25. Rb7+ Ke8 26. Qc6+ Rd7 27. Qc8+ Rd8 28. Qc6+ Rd7 29. Kg2 Ke7 30. h3 Rxb7 31. hxg4 Rd7 32. gxh5 Rxh5 33. Rf2 Rh8 34. Rb2 Rhd8 35. Kf3 Kf7 36. Rb7 Ke7 37. Rxd7+ Rxd7 38. a4 Rd8 39. a5 Rd7 40. a6 Rd8 41. Qc4 Rd7 42. g4 Rd8 43. Qd4 Rd7 44. g5 fxg5 45. Qxg7+ Kd8 46. Qxg5+ Kc7 47. Qg1 Kb6 48. Qa1 Rc7 49. Qa3 Rc5 50. c4 Rxc4 51. Qxd6+ Kb5 52. e5 Ka5 53. e6 1-0

[Event "Montcalm V 2008-09"]
[Site "Quebec CAN"]
[Date "2009.03.05"]
[Round "3"]
[White "Lessard, Claude"]
[Black "Bourassa, Andre"]
[Result "1-0"]
[WhiteElo "2005"]
[BlackElo "1762"]
[PlyCount "87"]
[GameId "2160767910260643"]
[EventDate "2009.02.19"]
[EventType "swiss"]
[EventRounds "5"]
[EventCountry "CAN"]
[SourceTitle "EXT 2011"]
[Source "ChessBase"]
[SourceDate "2011.11.26"]
[SourceVersion "1"]
[SourceVersionDate "2011.11.26"]
[SourceQuality "1"]

1. d4 d5 2. Nf3 Nf6 3. g3 c6 4. c4 e6 5. Bg2 Bb4+ 6. Bd2 Bxd2+ 7. Nbxd2 O-O 8. Qc2 Nbd7 9. O-O Re8 10. e4 dxe4 11. Nxe4 e5 12. Nd6 Re7 13. Rad1 Qc7 14. Nf5 Re8 15. Rfe1 e4 16. Ng5 Nf8 17. Nxe4 Nxe4 18. Bxe4 Qa5 19. Ne3 Bd7 20. b4 Qxb4 21. Rb1 Qa5 22. Red1 Qc7 23. d5 cxd5 24. Nxd5 Qe5 25. Bg2 Bf5 26. Qb2 Bxb1 27. Qxb1 Rab8 28. Ne3 b6 29. Rd5 Qc3 30. Rd3 Qe5 31. Ra3 Qc5 32. Rxa7 Rxe3 33. fxe3 Qxe3+ 34. Kh1 b5 35. Qg1 Qxg1+ 36. Kxg1 bxc4 37. Bd5 Ne6 38. Bxc4 Nd8 39. a4 Kf8 40. a5 Ne6 41. a6 Nd8 42. Rc7 Ne6 43. Bxe6 fxe6 44. a7 1-0

[Event "Montcalm V 2008-09"]
[Site "Quebec CAN"]
[Date "2009.03.12"]
[Round "4"]
[White "Cournoyer, Dominic"]
[Black "Lessard, Claude"]
[Result "0-1"]
[WhiteElo "1919"]
[BlackElo "2005"]
[PlyCount "76"]
[GameId "2160767910260644"]
[EventDate "2009.02.19"]
[EventType "swiss"]
[EventRounds "5"]
[EventCountry "CAN"]
[SourceTitle "EXT 2011"]
[Source "ChessBase"]
[SourceDate "2011.11.26"]
[SourceVersion "1"]
[SourceVersionDate "2011.11.26"]
[SourceQuality "1"]

1. c4 e5 2. Nc3 Nc6 3. Nf3 Nf6 4. g3 Bb4 5. Qc2 O-O 6. Bg2 Re8 7. O-O Nd4 8. Qd1 d6 9. a3 Bxc3 10. bxc3 Ne6 11. d4 e4 12. Nd2 Nf8 13. Nb3 h6 14. f3 exf3 15. exf3 Bf5 16. Re1 Rxe1+ 17. Qxe1 Qd7 18. Be3 Re8 19. a4 Qe6 20. Bd2 Qxc4 21. Qd1 b6 22. Nc1 Nd5 23. Qb3 Ne3 24. Bxe3 Qxb3 25. Nxb3 Rxe3 26. Rc1 Re2 27. a5 Rb2 28. Na1 bxa5 29. f4 a4 30. Bc6 a3 31. Ba4 Nd7 32. Bxd7 Bxd7 33. h4 a2 34. Re1 Bc6 35. c4 Bf3 36. Re3 Rb1+ 37. Kf2 Rxa1 38. Rxf3 Rf1+ 0-1

[Event "Montcalm V 2008-09"]
[Site "Quebec CAN"]
[Date "2009.03.12"]
[Round "4"]
[White "Lapierre, Gaetan"]
[Black "Auger, Bertrand"]
[Result "0-1"]
[WhiteElo "1911"]
[BlackElo "1943"]
[PlyCount "113"]
[GameId "2160767910260645"]
[EventDate "2009.02.19"]
[EventType "swiss"]
[EventRounds "5"]
[EventCountry "CAN"]
[SourceTitle "EXT 2011"]
[Source "ChessBase"]
[SourceDate "2011.11.26"]
[SourceVersion "1"]
[SourceVersionDate "2011.11.26"]
[SourceQuality "1"]

1. e4 g6 2. d4 Bg7 3. Bc4 d6 4. Nf3 Nf6 5. Qe2 O-O 6. e5 dxe5 7. dxe5 Nd5 8. O-O c6 9. Rd1 Qa5 10. c3 Be6 11. Ng5 Nd7 12. Nxe6 fxe6 13. Qg4 Rf5 14. Bxd5 exd5 15. f4 Qb6+ 16. Kh1 Raf8 17. h4 Nxe5 18. Qe2 Rxf4 19. Bxf4 Rxf4 20. Rd4 Rxd4 21. cxd4 Qxd4 22. g3 Bh6 23. Nc3 Nf7 24. Qxe7 Qf2 25. Re1 Qxg3 26. Re2 Bf8 27. Qf6 Qh3+ 28. Rh2 Qf5 29. Qxf5 gxf5 30. Rg2+ Bg7 31. Ne2 Kf8 32. Ng3 Nd6 33. Nxf5 Nxf5 34. Rf2 Bxb2 35. Rxb2 Nd6 36. Kg2 Kf7 37. Kf3 Kf6 38. Kf4 c5 39. Rg2 d4 40. Rg5 b6 41. Rh5 Ke6 42. Rxh7 c4 43. Rc7 c3 44. h5 Kd5 45. h6 Nc4 46. Rd7+ Kc5 47. h7 c2 48. h8=Q c1=Q+ 49. Kf5 Qf1+ 50. Ke6 Qe2+ 51. Kf5 Qf3+ 52. Kg5 Qg3+ 53. Kf5 Ne3+ 54. Ke6 Qg6+ 55. Ke7 Nd5+ 56. Rxd5+ Kxd5 57. Qd8+ 0-1

[Event "Montcalm V 2008-09"]
[Site "Quebec CAN"]
[Date "2009.03.12"]
[Round "4"]
[White "Perron, Jonathan"]
[Black "Dube, Daniel"]
[Result "1-0"]
[WhiteElo "1951"]
[BlackElo "1767"]
[PlyCount "111"]
[GameId "2160767910260646"]
[EventDate "2009.02.19"]
[EventType "swiss"]
[EventRounds "5"]
[EventCountry "CAN"]
[SourceTitle "EXT 2011"]
[Source "ChessBase"]
[SourceDate "2011.11.26"]
[SourceVersion "1"]
[SourceVersionDate "2011.11.26"]
[SourceQuality "1"]

1. e4 c6 2. d4 d5 3. Nc3 dxe4 4. Nxe4 Bf5 5. Ng3 Bg6 6. h4 h6 7. Nf3 Nd7 8. h5 Bh7 9. Bd3 Bxd3 10. Qxd3 e6 11. Bd2 Ngf6 12. Qe2 Qb6 13. O-O-O O-O-O 14. Ne5 Nxe5 15. dxe5 Nd5 16. Ne4 Be7 17. Rh3 Nb4 18. a3 Nd5 19. f4 Qc7 20. c4 Nb6 21. c5 Nd5 22. Rb3 Rhg8 23. Kb1 g5 24. g3 gxf4 25. gxf4 Rg7 26. Nd6+ Bxd6 27. cxd6 Qd7 28. f5 exf5 29. Bxh6 Rh7 30. Bg5 Rg8 31. Bh4 Rg4 32. Bf2 Re4 33. Qd2 Rxe5 34. Qd4 Re4 35. Qxa7 Qxd6 36. Qxb7+ Kd8 37. Rg1 Qd7 38. Rg8+ Ke7 39. Qb8 Nc7 40. Rc8 Qd1+ 41. Ka2 Ne6 42. Rxc6 Rxh5 43. Qg8 Qd5 44. Rcb6 Nd8 45. Qg7 Rg4 46. Qf6+ Kd7 47. Rb8 Nc6 48. R8b5 Qc4 49. Rb7+ Ke8 50. Bc5 Rg6 51. Re7+ Kd8 52. Bb6+ Kc8 53. Rc7+ Kb8 54. Rxc6 Rxf6 55. Rxc4 Re6 56. Bd4+ 1-0

[Event "Montcalm V 2008-09"]
[Site "Quebec CAN"]
[Date "2009.03.12"]
[Round "4"]
[White "Rainfray, Arnaud"]
[Black "Caron, Sebastien"]
[Result "1-0"]
[WhiteElo "2387"]
[BlackElo "1908"]
[PlyCount "87"]
[GameId "2160767910260647"]
[EventDate "2009.02.19"]
[EventType "swiss"]
[EventRounds "5"]
[EventCountry "CAN"]
[SourceTitle "EXT 2011"]
[Source "ChessBase"]
[SourceDate "2011.11.26"]
[SourceVersion "1"]
[SourceVersionDate "2011.11.26"]
[SourceQuality "1"]

1. e4 c5 2. Nf3 d6 3. c3 Nf6 4. Be2 Nc6 5. d4 cxd4 6. cxd4 g6 7. Nc3 Bg7 8. d5 Nb8 9. h3 O-O 10. O-O Nbd7 11. Re1 Nc5 12. Bf1 Bd7 13. Nd4 Qa5 14. Rb1 Na6 15. Bd2 Rfc8 16. b4 Qd8 17. a3 Ng4 18. Ndb5 Ne5 19. Bg5 f6 20. Be3 Nc4 21. Bd4 Nb6 22. Qb3 Be8 23. a4 Bf7 24. a5 Nd7 25. Nxa7 Rcb8 26. Bxa6 Rxa7 27. Bxa7 Ra8 28. Bb6 Nxb6 29. Bxb7 Rb8 30. Bc6 Nd7 31. a6 Ne5 32. a7 Nxc6 33. axb8=Q Qxb8 34. dxc6 Bxb3 35. Rxb3 f5 36. Nd5 Kf7 37. exf5 Be5 38. b5 gxf5 39. b6 e6 40. c7 Qb7 41. Rc1 Qxd5 42. c8=Q Qxb3 43. Rc7+ Kf6 44. Qd8+ 1-0

[Event "Montcalm V 2008-09"]
[Site "Quebec CAN"]
[Date "2009.03.19"]
[Round "5"]
[White "Auger, Bertrand"]
[Black "Sauve, Richard"]
[Result "1/2-1/2"]
[WhiteElo "1943"]
[BlackElo "1964"]
[PlyCount "51"]
[GameId "2160767910260648"]
[EventDate "2009.02.19"]
[EventType "swiss"]
[EventRounds "5"]
[EventCountry "CAN"]
[SourceTitle "EXT 2011"]
[Source "ChessBase"]
[SourceDate "2011.11.26"]
[SourceVersion "1"]
[SourceVersionDate "2011.11.26"]
[SourceQuality "1"]

1. Nf3 f5 2. g3 Nf6 3. Bg2 g6 4. b4 Bg7 5. Bb2 O-O 6. c4 d6 7. d4 e5 8. dxe5 Ng4 9. O-O Nc6 10. b5 Ncxe5 11. Nxe5 Nxe5 12. Qb3 Qe7 13. Nc3 Be6 14. Bd5 Nd7 15. Bxe6+ Qxe6 16. Nd5 Nc5 17. Qc2 Bxb2 18. Qxb2 Rac8 19. Rad1 Rf7 20. Qd4 Re8 21. Nf4 Qe4 22. h4 Qxd4 23. Rxd4 Ne6 24. Nxe6 Rxe6 25. e3 Rfe7 26. Rfd1 1/2-1/2

[Event "Montcalm V 2008-09"]
[Site "Quebec CAN"]
[Date "2009.03.19"]
[Round "5"]
[White "Bourassa, Andre"]
[Black "Gaudreault, Stephane"]
[Result "1-0"]
[WhiteElo "1762"]
[BlackElo "1411"]
[PlyCount "33"]
[GameId "2160767910260649"]
[EventDate "2009.02.19"]
[EventType "swiss"]
[EventRounds "5"]
[EventCountry "CAN"]
[SourceTitle "EXT 2011"]
[Source "ChessBase"]
[SourceDate "2011.11.26"]
[SourceVersion "1"]
[SourceVersionDate "2011.11.26"]
[SourceQuality "1"]

1. d4 d5 2. c4 e6 3. Nc3 Nf6 4. Bg5 Be7 5. e3 O-O 6. Nf3 h6 7. h4 hxg5 8. hxg5 Nfd7 9. Qc2 g6 10. cxd5 exd5 11. Nxd5 c6 12. Nf4 Kg7 13. Bc4 Bb4+ 14. Ke2 Bd6 15. Bxf7 Ne5 16. dxe5 Bf5 17. Ne6+ 1-0

[Event "Montcalm V 2008-09"]
[Site "Quebec CAN"]
[Date "2009.03.19"]
[Round "5"]
[White "Caron, Sebastien"]
[Black "Cournoyer, Dominic"]
[Result "1/2-1/2"]
[WhiteElo "1908"]
[BlackElo "1919"]
[PlyCount "125"]
[GameId "2160767910260650"]
[EventDate "2009.02.19"]
[EventType "swiss"]
[EventRounds "5"]
[EventCountry "CAN"]
[SourceTitle "EXT 2011"]
[Source "ChessBase"]
[SourceDate "2011.11.26"]
[SourceVersion "1"]
[SourceVersionDate "2011.11.26"]
[SourceQuality "1"]

1. e4 d5 2. exd5 Nf6 3. d4 Nxd5 4. c4 Nb6 5. Nf3 Bg4 6. c5 Nd5 7. Qb3 Bc8 8. Bc4 e6 9. O-O Be7 10. Re1 O-O 11. Nc3 Nf6 12. Be3 Nc6 13. Qc2 Nb4 14. Qe2 Nbd5 15. Bg5 c6 16. Ne5 Bd7 17. Bb3 b6 18. cxb6 axb6 19. Nxd5 cxd5 20. Bc2 Ra5 21. Bd3 Qe8 22. Bd2 Ra8 23. g4 Ne4 24. Bxe4 dxe4 25. Qxe4 Bb5 26. Bc3 Bh4 27. Bb4 Be7 28. Bxe7 Qxe7 29. Re3 Rac8 30. a3 Ba6 31. Nf3 Bb7 32. Qf4 Rc2 33. b4 Rfc8 34. Qe5 Qd7 35. Rae1 R2c4 36. Rd1 Rd8 37. Kg2 h6 38. h4 Rxd4 39. Rxd4 Qxd4 40. Qxd4 Rxd4 41. Kg3 Rd1 42. h5 Ra1 43. Ne5 Rd1 44. Rd3 Rxd3+ 45. Nxd3 Kf8 46. Kf4 Ke7 47. Nb2 Kd6 48. Nc4+ Kc7 49. g5 hxg5+ 50. Kxg5 Be4 51. h6 gxh6+ 52. Kxh6 f5 53. Kg5 Kc6 54. Kf4 Bd5 55. Nb2 Kb5 56. Ke5 Bb3 57. f4 Ba2 58. Kd4 Bb3 59. Kc3 Ba2 60. a4+ Kc6 61. Kd4 Bb3 62. Kc3 Ba2 63. Kd4 1/2-1/2

[Event "Montcalm V 2008-09"]
[Site "Quebec CAN"]
[Date "2009.03.19"]
[Round "5"]
[White "Imbeault, David"]
[Black "Perron, Jonathan"]
[Result "1/2-1/2"]
[WhiteElo "1612"]
[BlackElo "1951"]
[PlyCount "122"]
[GameId "2160767910260651"]
[EventDate "2009.02.19"]
[EventType "swiss"]
[EventRounds "5"]
[EventCountry "CAN"]
[SourceTitle "EXT 2011"]
[Source "ChessBase"]
[SourceDate "2011.11.26"]
[SourceVersion "1"]
[SourceVersionDate "2011.11.26"]
[SourceQuality "1"]

1. d4 Nf6 2. c4 e6 3. Nf3 Bb4+ 4. Bd2 Qe7 5. a3 Bxd2+ 6. Nbxd2 b6 7. g3 Bb7 8. Bg2 O-O 9. O-O d6 10. Qc2 Nbd7 11. b4 e5 12. dxe5 dxe5 13. Rfd1 c5 14. bxc5 Nxc5 15. Ng5 Bxg2 16. Kxg2 h6 17. Nge4 Qb7 18. f3 Nfxe4 19. Nxe4 Nxe4 20. Qxe4 Qxe4 21. fxe4 Rac8 22. Rac1 Rc7 23. Rd5 Rfc8 24. Rxe5 Rxc4 25. Rxc4 Rxc4 26. Re8+ Kh7 27. Re7 Ra4 28. Rxf7 Rxa3 29. e5 Re3 30. Kf2 Rxe5 31. Rxa7 Kg6 32. Ke1 Kf6 33. Kd2 b5 34. Rb7 g6 35. Kd3 Kg5 36. h3 Kh5 37. Rf7 Rg5 38. Rf3 Rd5+ 39. Kc3 Re5 40. Kd3 b4 41. e4 b3 42. Rf2 Rg5 43. Rg2 b2 44. Kc2 Rb5 45. Kb1 Kg5 46. Rxb2 Rc5 47. Rc2 Ra5 48. Kb2 Ra4 49. Re2 Kf6 50. Kb3 Rd4 51. e5+ Ke6 52. Kc3 Rd5 53. Kc4 g5 54. Re4 h5 55. Kc3 Ra5 56. Kd4 Rd5+ 57. Ke3 Rxe5 58. Kf3 Kd5 59. Rxe5+ Kxe5 60. Ke3 Kf5 61. Kf3 g4+ 1/2-1/2

[Event "Montcalm V 2008-09"]
[Site "Quebec CAN"]
[Date "2009.03.19"]
[Round "5"]
[White "Lessard, Claude"]
[Black "Rainfray, Arnaud"]
[Result "0-1"]
[WhiteElo "2005"]
[BlackElo "2387"]
[PlyCount "73"]
[GameId "2160767910260652"]
[EventDate "2009.02.19"]
[EventType "swiss"]
[EventRounds "5"]
[EventCountry "CAN"]
[SourceTitle "EXT 2011"]
[Source "ChessBase"]
[SourceDate "2011.11.26"]
[SourceVersion "1"]
[SourceVersionDate "2011.11.26"]
[SourceQuality "1"]

1. d4 d5 2. Nf3 Nf6 3. c4 e6 4. Nc3 Bb4 5. cxd5 exd5 6. Bg5 h6 7. Bxf6 Qxf6 8. e3 c6 9. Qb3 Qe7 10. Bd3 O-O 11. O-O Be6 12. a3 Bd6 13. Rac1 a5 14. Qc2 Nd7 15. e4 dxe4 16. Nxe4 Bc7 17. Rfe1 a4 18. Bc4 Bf5 19. Bd3 Bg4 20. Ng3 Qf6 21. Re4 Bxf3 22. gxf3 Nb6 23. Qe2 Nd5 24. Bb1 h5 25. Qc2 g6 26. Qd1 h4 27. Nf1 Nf4 28. Ne3 Qg5+ 29. Kh1 f5 30. Ba2+ Kh7 31. Re5 Bxe5 32. dxe5 Rfd8 33. Qc2 Qh5 34. Bc4 Qxf3+ 35. Kg1 Nh3+ 36. Kf1 Qh1+ 37. Ke2 0-1

[Event "Montcalm VI 2008-09"]
[Site "Quebec CAN"]
[Date "2009.03.26"]
[Round "1"]
[White "Bourassa, Andre"]
[Black "Cummins, Paul"]
[Result "1-0"]
[WhiteElo "1767"]
[BlackElo "1646"]
[PlyCount "93"]
[GameId "2160767910223032"]
[EventDate "2009.03.26"]
[EventType "swiss"]
[EventRounds "5"]
[EventCountry "CAN"]

1. d4 c5 2. d5 d6 3. c4 g6 4. Nc3 Bg7 5. Bd2 e6 6. e4 Ne7 7. Bd3 O-O 8. Nge2 exd5 9. exd5 Nf5 10. O-O Nd4 11. Nxd4 Bxd4 12. Qc2 Na6 13. a3 Nc7 14. Rae1 Ne8 15. Ne4 Ng7 16. Bg5 Qb6 17. Be7 Re8 18. Nxd6 Rxe7 19. Nxc8 Rxc8 20. Rxe7 Bxb2 21. Rb1 Qf6 22. Rxb7 Be5 23. Rxa7 Ne8 24. g3 Nd6 25. Rb6 Re8 26. Qa4 Qd8 27. Rba6 Bd4 28. Rxd6 Re1+ 29. Kg2 Qxd6 30. Qc6 Qe5 31. Qc7 Qf6 32. Qf4 Qxf4 33. gxf4 Rd1 34. Be2 Rd2 35. Kf3 Kg7 36. a4 Rb2 37. a5 Rb3+ 38. Ke4 Ra3 39. d6 Bxf2 40. Bf1 Ra1 41. Bh3 Rd1 42. d7 Kf6 43. a6 Ke7 44. d8=Q+ Kxd8 45. Rxf7 Rd4+ 46. Kf3 Ke8 47. Rxh7 1-0